| 000 | 01254nam a22003497a 4500 | ||
|---|---|---|---|
| 001 | 2449 | ||
| 005 | 20240115121741.0 | ||
| 020 | _a9781455869749 | ||
| 020 | _a9780141345659 | ||
| 020 | _a1455869740 | ||
| 040 |
_aTEFMT _beng _cTEFMT _dTEF _dRECBX _dBDX _dMR0 _dKCP _dZP7 _dDLC |
||
| 050 | 0 | 0 | _aPZ7.G8233 |
| 082 | _a813.6 | ||
| 100 | 1 |
_aGreen, John _d1977- |
|
| 245 | 1 | 4 |
_aThe fault in our stars / _h _cJohn Green. |
| 250 | _aThis edition published 2013 | ||
| 260 |
_aLondon : _bPenguin Books, _c2012 |
||
| 300 |
_a313 pages : _c20 cm |
||
| 505 | _aV | ||
| 520 | _aSixteen-year-old Hazel, a stage IV thyroid cancer patient, has accepted her terminal diagnosis until a chance meeting with Augustus Waters at a cancer support group forces her to reexamine her perspective on love, loss, and life. | ||
| 521 |
_a850 _bLexile |
||
| 521 |
_aV _bRaz-Plus |
||
| 650 | 0 |
_aCancer _xPatients _vJuvenile fiction. |
|
| 650 | 0 |
_aInterpersonal relations _vJuvenile fiction. |
|
| 650 | 0 |
_aCancer in adolescence _vJuvenile fiction. |
|
| 650 | 0 |
_aTerminally ill _vJuvenile fiction. |
|
| 650 | 1 |
_aCancer _xPatients _vFiction. |
|
| 650 | 1 |
_aCancer _vFiction. |
|
| 650 | 1 |
_aInterpersonal relations _vFiction. |
|
| 655 | 0 | _aYoung adult fiction. | |
| 942 |
_2ddc _cBK _n0 |
||
| 999 |
_c2449 _d2449 |
||